Can You Name All of the Warrior Cats Books? Quiz Stats

 Plays Quiz not verified by Sporcle

Score 0/86 Timer 07:00
0 Plays Today
Hint Answer % Correct
The Prophecies BeginInto the Wild
89.2%
The Prophecies BeginFire and Ice
82.4%
The Prophecies BeginThe Darkest Hour
78.4%
The Prophecies BeginForest of Secrets
77%
The New ProphecySunset
77%
The New ProphecyMidnight
74.3%
The Prophecies BeginRising Storm
70.3%
The Prophecies BeginA Dangerous Path
70.3%
The New ProphecyDawn
70.3%
The New ProphecyTwilight
70.3%
Power of ThreeThe Sight
70.3%
Power of ThreeSunrise
68.9%
The New ProphecyMoonrise
66.2%
The New ProphecyStarlight
59.5%
Power of ThreeDark River
59.5%
Omen of the StarsThe Fourth Apprentice
59.5%
Omen of the StarsThe Last Hope
58.1%
Power of ThreeLong Shadows
56.8%
Omen of the StarsThe Forgotten Warrior
54.1%
Power of ThreeEclipse
52.7%
Power of ThreeOutcast
50%
Super EditionsFirestar's Quest
50%
Super EditionsTallstar's Revenge
50%
Super EditionsBluestar's Prophecy
48.6%
Super EditionsCrookedstar's Promise
48.6%
Omen of the StarsFading Echoes
47.3%
Omen of the StarsNight Whispers
47.3%
Dawn of the ClansThe Sun Trail
47.3%
Super EditionsSkyclan's Destiny
47.3%
Hint Answer % Correct
Dawn of the ClansThe First Battle
45.9%
Super EditionsYellowfang's Secret
45.9%
Omen of the StarsSign of the Moon
43.2%
Dawn of the ClansThunder Rising
43.2%
Dawn of the ClansThe Blazing Star
43.2%
Super EditionsBramblestar's Storm
43.2%
Dawn of the ClansA Forest Divided
41.9%
Dawn of the ClansPath of Stars
41.9%
A Vision of ShadowsThunder and Shadow
41.9%
A Vision of ShadowsRiver of Fire
41.9%
The Broken CodeLost Stars
41.9%
Super EditionsHawkwing's Journey
39.2%
Super EditionsCrowfeather's Trial
39.2%
Super EditionsMoth Flight's Vision
37.8%
Field GuidesSecrets of the Clans
37.8%
Field GuidesBattles of the Clans
37.8%
A Vision of ShadowsShattered Sky
36.5%
Super EditionsTigerheart's Shadow
36.5%
Field GuidesCode of the Clans
36.5%
Field GuidesThe Ultimate Guide
36.5%
A Vision of ShadowsThe Raging Storm
35.1%
The Untold Stories NovellasMistystar's Omen
35.1%
Field GuidesCats of the Clans
33.8%
A Vision of ShadowsDarkest Night
32.4%
The Untold Stories NovellasHollyleaf's Story
31.1%
The Broken CodeThe Silent Thaw
29.7%
Super EditionsSquirrelflight's Hope
29.7%
Tales From the Clans NovellasTigerclaw's Fury
28.4%
Legends of the Clans NovellasSpottedleaf's Heart
28.4%
Hint Answer % Correct
Field GuidesEnter the Clans
27%
The Untold Stories NovellasCloudstar's Journey
27%
Stand Alone MangaThe Rise of Scourge
25.7%
Shadows of the Clans NovellasGoosefeather's Curse
23%
Graystripe's AdventureWarrior's Return
23%
Tigerstar & SashaInto the Woods
23%
Tales From the Clans NovellasDovewing's Silence
21.6%
Graystripe's AdventureThe Lost Warrior
21.6%
Tigerstar & SashaEscape from the Forest
21.6%
Ravenpaw's PathThe Heart of a Warrior
21.6%
Shadows of the Clans NovellasRavenpaw's Farewell
18.9%
Graystripe's AdventureWarrior's Refuge
18.9%
Tigerstar & SashaReturn to the Clans
18.9%
Ravenpaw's PathShattered Peace
18.9%
Legends of the Clans NovellasPinestar's Choice
16.2%
Legends of the Clans NovellasThunderstar's Echo
14.9%
Shadows of the Clans NovellasMapleshade's Vengence
13.5%
Path of a Warrior NovellasRedtail's Debt
13.5%
Path of a Warrior NovellasTawnypelt's Clan
13.5%
Ravenpaw's PathA Clan in Need
13.5%
A Vision of ShadowsThe Apprentice's Quest
12.2%
Path of a Warrior NovellasShadowstar's Life
12.2%
Skyclan and the StrangerAfter the Flood
12.2%
Skyclan and the StrangerBeyond the Code
10.8%
The Broken CodeVeil of Shadows
8.3%
Skyclan and the StrangerThe Rescue
8.1%
Field GuidesThe Warrior's Guide
6.8%
Tales From the Clans NovellasLeapool's Wish
1.4%

You're not logged in!

Compare scores with friends on all Sporcle quizzes.
OR
Log In

Show Comments

Extras

Top Quizzes Today


Score Distribution

Your Account Isn't Verified!

In order to create a playlist on Sporcle, you need to verify the email address you used during registration. Go to your Sporcle Settings to finish the process.

Report this User

Report this user for behavior that violates our Community Guidelines.

Details: